000 01165cam a22003134a 4500
001 12357865
003 NUST-PNEC
005 20170116180740.0
008 010326s2002 mau b 001 0 eng
010 _a 2001030845
020 _a0072283637
020 _a007120489X
040 _cPNEC
042 _apcc
050 0 0 _aQA76.9.D3
_bS5637 2002
082 0 0 _a005.74 SIL
_221
100 1 _aSilberschatz, Abraham.
245 1 0 _aDatabase system concepts /
_cAbraham Silberschatz, Henry F. Korth, S. Sudarshan.
250 _a4th ed.
260 _aBoston :
_bMcGraw-Hill,
_c2002.
300 _axxiv, 1064 p. ;
_c24 cm.
500 _aIncludes index.
504 _aIncludes bibliographical references (p. 1007-1042).
650 0 _aDatabase management.
_xMIS, Computer
856 _uhttp://www.amazon.com/Database-System-Concepts-Abraham-Silberschatz/dp/007120489X/ref=sr_1_1?s=books&ie=UTF8&qid=1418581998&sr=1-1&keywords=007120489X
906 _a7
_bcbc
_corignew
_d1
_eocip
_f20
_gy-gencatlg
942 _2ddc
_cBK
999 _c62173
_d62173